000 00579nam a2200217Ia 4500
003 OSt
005 20230516112439.0
008 210423s2012 xx 000 0 und d
020 _a9788170357582
040 _cAL
041 _aeng
082 _a664.8 SIND
_223
100 _aSINGH (Desh Beer).
_9105025
245 _aPineapple: production and processing.
260 _aNew Delhi
_bDaya Publishing House
_c2012
300 _avi,320
_bHB
365 _b1200
_cINR
650 _aFruits & Vegetables
_9105026
906 _aPineapple:production ; processing.
942 _2ddc
_cBK
999 _c164827
_d164827